|
|
|
|
| LEADER |
00000nam a2200000 a 4500 |
| 001 |
vtls010289846 |
| 003 |
SK-MaSNL |
| 005 |
20260301031856.0 |
| 008 |
240318 000 0 eng |
| 040 |
|
|
|a SNK
|b slo
|c SNK
|e AACR2
|
| 100 |
1 |
|
|a Cikker, Ján,
|d 1911-1989
|4 aut
|9 119811
|
| 245 |
1 |
0 |
|a Tri slovenské ľudové piesne pre mužský zbor
|b zborová partitúra
|h hudobnina
|c Ján Cikker
|
| 260 |
|
|
|a Bratislava
|b Slovenský hudobný fond
|c 1971
|e Bratislava
|f Slovenský hudobný fond
|
| 300 |
|
|
|a 24 s.
|
| 999 |
|
|
|c 577467
|d 579397
|
| 952 |
|
|
|a SNK
|b SNK
|y VYP
|7 0
|p 17A0698970
|o snkHSB 1531 D1
|i snkK 1456/76
|8 3
|3 rekatalogizácia
|0 0
|1 0
|4 0
|d 2011-06-30
|l 0
|r 2026-02-23 14:38:20
|w 2026-02-23
|